| 000 | 00337pam a2200121 a 4500 | ||
|---|---|---|---|
| 020 | _c | ||
| 041 | _h | ||
| 100 |
_aHELEN NEWING., _eAUTHOR. |
||
| 245 |
_aCONDUCTING RESEARCH IN CONSERVATION:-SOCIAL SCIENCE METHODS _hTextual Documents |
||
| 260 |
_a[s.l]: _b[s.n].ROUTLEDGE TAYLOR FRANCIS GROUP LANDON. |
||
| 300 | _a376. | ||
| 930 | _a2699 | ||
| 999 |
_c248550 _d248550 |
||